An analysis of the factors affecting loan utilization among administration police officers in Nakuru county, Kenya (Record no. 16254)
[ view plain ]
| 000 -LEADER | |
|---|---|
| fixed length control field | 00653nam a22001697a 4500 |
| 008 - FIXED-LENGTH DATA ELEMENTS--GENERAL INFORMATION | |
| fixed length control field | 161124b xxu||||| |||| 00| 0 eng d |
| 040 ## - CATALOGING SOURCE | |
| Original cataloging agency | KABU |
| Transcribing agency | KABU |
| 050 ## - LIBRARY OF CONGRESS CALL NUMBER | |
| Classification number | HG3756 |
| Item number | .K4B57 2013 c. 1 |
| 100 ## - MAIN ENTRY--PERSONAL NAME | |
| Personal name | Birech, Daniel Kipkosgei |
| 245 ## - TITLE STATEMENT | |
| Title | An analysis of the factors affecting loan utilization among administration police officers in Nakuru county, Kenya |
| Statement of responsibility, etc. | Daniel Kipkosgei Birech |
| 250 ## - EDITION STATEMENT | |
| Edition statement | 1st ed. |
| 260 ## - PUBLICATION, DISTRIBUTION, ETC. (IMPRINT) | |
| Place of publication, distribution, etc. | Nakuru, Kenya |
| Name of publisher, distributor, etc. | Kabarak university |
| Date of publication, distribution, etc. | 2013 |
| 300 ## - PHYSICAL DESCRIPTION | |
| Extent | ix, 57 p. |
| Accompanying material | CD-ROM |
| 700 ## - ADDED ENTRY--PERSONAL NAME | |
| Personal name | Nzioki, Paul Muoki |
| 700 ## - ADDED ENTRY--PERSONAL NAME | |
| Personal name | Kiprop, Symon K. |
| 942 ## - ADDED ENTRY ELEMENTS (KOHA) | |
| Source of classification or shelving scheme | Library of Congress Classification |
| Koha item type | Thesis, Dissertation and Projecs |
| Edition | 1st ed. |
| Classification part | HG3756 .K4B57 2013 c. 1 |
| Call number prefix | KTC/The |
| Withdrawn status | Lost status | Source of classification or shelving scheme | Not for loan | Home library | Current library | Shelving location | Date acquired | Total Checkouts | Full call number | Barcode | Date last seen | Copy number | Price effective from | Koha item type |
|---|---|---|---|---|---|---|---|---|---|---|---|---|---|---|
| Library of Congress Classification | Kabarak, Nakuru City Campus | Kabarak, Nakuru City Campus | Reference | 24/11/2016 | HG3756 .K4B57 2013 c. 1 | 016498 | 24/11/2016 | c. 1 | 24/11/2016 | Thesis, Dissertation and Projecs |